Statistics for 1M+ Cities By Letter On A Map - G

Click here to take the quiz!

General Stats

  • This quiz has been taken 214 times
  • The average score is 5 of 14

Answers on the Map

Answers color-coded by a green-red scale on the quiz's map according to % correct below.
 

Answer Stats

PopulationCity% Correct
11,071,424Guangzhou
96%
1,495,182Guadalajara
90%
2,443,203Giza
79%
1,952,029Guayaquil
74%
1,065,975Gaziantep
49%
1,171,195Goiania
39%
1,416,938Gwangju
27%
1,384,471Gujranwala
20%
1,171,633Guiyang
19%
1,199,191Ghaziabad
12%
1,169,577Guarulhos
8%
1,324,570Gorakhpur
6%
1,073,069Goyang-Si
2%
1,380,000Guankou
2%

Score Distribution

Percentile by Number Answered

Percent of People with Each Score

Your Score History

You have not taken this quiz